20 most popular dog names of 2016 Quiz Stats

 Plays Quiz not verified by Sporcle

Challenge
Share
Tweet
Embed
Score 0/20 Timer 01:30
0 Plays Today
Hint Answer % Correct
Max
62.5%
Jack
43.8%
Charlie
37.5%
Lucy
37.5%
Buddy
31.3%
Cooper
31.3%
Molly
31.3%
Bella
25%
Lola
25%
Sophie
25%
Hint Answer % Correct
Maggie
25%
Rocky
18.8%
Bear
18.8%
Daisy
18.8%
Luna
18.8%
Duke
12.5%
Toby
12.5%
Tucker
12.5%
Sadie
12.5%
Bailey
12.5%

You're not logged in!

Compare scores with friends on all Sporcle quizzes.
Join for Free
OR
Log In

You Might Also Like...

Show Comments

Extras

Created Aug 6, 2017SourceReportNominate
Tags:Popular Quiz, 2016, dog

Top Quizzes Today


Score Distribution

Your Account Isn't Verified!

In order to create a playlist on Sporcle, you need to verify the email address you used during registration. Go to your Sporcle Settings to finish the process.

Report this User

Report this user for behavior that violates our Community Guidelines.

Details: